000 00235nmm a2200085Ia 4500
008 220120s9999||||xx |||||||||||||||||und||
100 _aLFY
_910674
245 0 _aDevelopers : Schemaspy 2.1.2. Updates, Fedora core 4 Linux K
260 _c2006
999 _c138457
_d138457